| 000 | 00836nam a2200217 a 4500 | ||
|---|---|---|---|
| 003 | 0 | ||
| 005 | 20250312125813.0 | ||
| 008 | 080728s19uu xx 00 eng d | ||
| 050 |
_aPGS LB 2838.P74 _b.H991 2008 |
||
| 100 | _aHwang, Sun Woo (Kyle). | ||
| 245 |
_aPreferred teacher's qualities of grade 6 and 7 students / _cSun Woo Hwang (Kyle). |
||
| 260 |
_aLas PiƱas City, Philippines : _bSouthville International School and Colleges, _c2008. |
||
| 300 |
_a40 pages : _billustrations ; _c28 cm. |
||
| 504 | _aIncludes bibliographical references. | ||
| 650 |
_aTeachers _vAttitudes. |
||
| 650 |
_aEffective teaching _vStudent perceptions. |
||
| 650 | _aTeacher-student relationships. | ||
| 650 |
_aClassroom environment _vStudent preferences. |
||
| 650 |
_aMiddle school students _vOpinions on teachers. |
||
| 942 |
_2lcc _cPASS |
||
| 999 |
_c97946 _d97946 |
||